A cien años de la muerte de Vallarta. (Registro nro. 69655)

Detalles MARC
000 -LEADER
fixed length control field 00735cam a2200205 4500
008 - FIXED-LENGTH DATA ELEMENTS--GENERAL INFORMATION
fixed length control field 090225s1994 mx 000 0 spa u
020 ## - INTERNATIONAL STANDARD BOOK NUMBER
International Standard Book Number 9683636594
050 04 - LIBRARY OF CONGRESS CALL NUMBER
Classification number KGF304 .V35
Item number C54 1994
245 02 - TITLE STATEMENT
Title A cien años de la muerte de Vallarta.
250 ## - EDITION STATEMENT
Edition statement 1a ed.
260 ## - PUBLICATION, DISTRIBUTION, ETC. (IMPRINT)
Place of publication, distribution, etc México :
Name of publisher, distributor, etc UNAM, Instituto de Investigaciones Jurídicas,
Date of publication, distribution, etc 1994
300 ## - PHYSICAL DESCRIPTION
Extent 258 p. ;
Dimensions 23 cm.
440 #0 - SERIES STATEMENT/ADDED ENTRY--TITLE
Title Cuadernos del Instituto.
Name of part/section of a work Historia del Derecho ;
Volume number/sequential designation 1
504 ## - BIBLIOGRAPHY, ETC. NOTE
Bibliography, etc Incluye índice
600 1# - SUBJECT ADDED ENTRY--PERSONAL NAME
Personal name Vallarta, Ignacio Luis,
Dates associated with a name 1830-1893
General subdivision Biografía y crítica
650 #7 - SUBJECT ADDED ENTRY--TOPICAL TERM
Topical term or geographic name as entry element Juristas
Geographic subdivision México
Source of heading or term Lemb
710 2# - ADDED ENTRY--CORPORATE NAME
Corporate name or jurisdiction name as entry element Universidad Nacional Autónoma de México.
International Standard Serial Number Instituto de Investigaciones Jurídicas
942 ## - ADDED ENTRY ELEMENTS (KOHA)
Source of classification or shelving scheme Biblioteca del Cogreso de los Estados Unidos
Koha item type Libro
Existencias
Estado de pérdida Fuente de clasificación Estado del daño No para préstamo Ubicación permanente Ubicación actual Apartado o colección Fecha de adquisición Edición Dependencia de educación superior (DES) Área del conocimiento Clasificación Código de Barras Date last seen Número de copia Tipo de recurso
  Biblioteca del Cogreso de los Estados Unidos     Biblioteca del Instituto de Investigaciones Históricas Biblioteca del Instituto de Investigaciones Históricas General 15/10/2018 1a ed. Humanidades Ciencias Sociales y Administrativas KGF304.V35 C54 1994 IIH000002612 15/10/2018 C:1 Libro